| 000 | 00547nam a2200205Ia 4500 | ||
|---|---|---|---|
| 003 | GCL | ||
| 008 | 140319s9999 xx 000 0 eng d | ||
| 040 |
_aGCL / _cGCL |
||
| 082 | 0 | 4 |
_a591.87 _bB S |
| 100 | 1 | _aBROY, JEROME S. | |
| 245 | 1 | 0 |
_aSIGNAL TRANSDUCATION IN LUNG GELLS / _cBROY, JEROME S. |
| 700 | 1 | _aCENTER, DAVID M. | |
| 700 | 1 | _aTKACHUK, VSEVOLOD A. | |
| 260 |
_a[S.N] : _bMARCEL DEKKER, INC ، _c1993 |
||
| 300 | _a639 P | ||
| 650 | 0 | 4 | _aLUNGS |
| 650 | 0 | 4 | _aCYTOLOGY |
| 650 | 0 | 4 | _aCELLULAR SIGNAL TRANSDUCATION |
| 942 |
_2ddc _cBK |
||
| 999 |
_c23885 _d23885 |
||